| Поле | Инд. | ПП | Название | Значение |
|---|---|---|---|---|
| Тип записи | a | |||
| Библиографический уровень | b | |||
| 001 | Контрольный номер | RU/IS/BASE/264553965 | ||
| 005 | Дата корректировки | 20200526080831.7 | ||
| 008 | Кодируемые данные | 19970522 | ||
| 084 | a | Индекс другой классификации/Индекс ББК | 63.3(2)52ю14 | |
| 097 | 00 | a | 750 | |
| 100 | 10 | a | Автор | Шереметев С. Д. |
| 245 | 11 | a | Заглавие | "Никто не подозревал, что дни его сочтены" |
| b | Продолж. заглавия | Воспоминания графа С. Д. Шереметева о цесаревиче Николае Александровиче | ||
| c | Ответственность | Публикация и предисловие Л. И. Шохина | ||
| 500 | 00 | a | Примечание | Название воспоминаний: "Цесаревич Николай Александрович (1843-1865)" |
| 504 | 00 | a | Библиография | Примеч.: с. 210 - 211 |
| 600 | a | Персоналии | Романов Николай Александрович | |
| 650 | a | Основная рубрика | история | |
| 653 | 00 | a | Ключевые слова | XIX век |
| a | Ключевые слова | императорская семья | ||
| a | Ключевые слова | Россия | ||
| 700 | 10 | a | Автор | Шохин Л. И. |
| e | Роль лиц | автор публикации; автор предисловия | ||
| 773 | 00 | t | Заглавие источника | Исторический архив |
| d | Дата издания источника | 1996 | ||
| g | Прочая информация | № 2. - С. 205 - 211 | ||
| w | Контрольный № источника | RU/IS/BASE/142005402 | ||
| 901 | t | Тип документа | b |